| 000 | 00829nam a2200265 4500 | ||
|---|---|---|---|
| 001 | 31856 | ||
| 003 | BD-RjUL | ||
| 005 | 20211209051746.0 | ||
| 008 | 140422s1960 ilu b 001 0 eng d | ||
| 035 | _aCURL 020000282692(Edi) from rajwc125 | ||
| 035 | _a(BD-RjUL)31944 | ||
| 040 |
_aBD-RjUL _beng _cBD-RjUL _dBD-RjUL |
||
| 041 | _aeng | ||
| 082 |
_a121 _bBEC 1960 |
||
| 100 | 1 |
_aBeck, Lewis White. _92921 |
|
| 245 | 1 | 2 |
_aA commentary on Kant's Critique of practical reason / _cby Lewis White Beck |
| 260 |
_aChicago ; _aLondon : _bUniversity of Chicago Press, _c1960. |
||
| 300 |
_axvi, 308 p. ; _c21 cm |
||
| 504 | _aIncludes indexes and Bibliography: p. 287-293 | ||
| 600 | 1 | 0 |
_aKant, Immanuel, _d1724-1804. _996963 |
| 650 |
_aKant, Immanuel, _993596 |
||
| 942 |
_2ddc _cBK |
||
| 999 |
_c31856 _d31856 |
||